| 000 | 01721nas a2200409 i 4500 | ||
|---|---|---|---|
| 001 | 2083 | ||
| 003 | ES-MaACL | ||
| 005 | 20251013215854.0 | ||
| 007 | t| | ||
| 008 | 950801d18941933fr | p | ||re d | ||
| 080 | _a93/99 | ||
| 080 | _a811.134.2 | ||
| 080 | _a811.134.3 | ||
| 245 | 0 | 0 |
_aRevue hispanique _b: recueil consacré à l'étude des langues, des littératures et de l'histoire des pays castillans, catalans et portugais / _cpublié par R. Foulché-Delbosc. |
| 260 |
_aParis : _bAlphonse Picard et Fils, _c1894-1933 ( _fMacon Protat Fréres) |
||
| 300 |
_a76 v. ; _c24 cm. |
||
| 310 |
_aBimensual, _b1914-1933 |
||
| 321 |
_aTres veces al año, _b1894-1897 |
||
| 321 |
_aTrimestral, _b1898-1913 |
||
| 362 | 1 | _a1. Année, n. 1 (mars 1894) Año I (mar. 1894)--v. 81, 2. partie (1933) | |
| 500 | _aNo se publicó en 1931-32. | ||
| 500 | _aEl v. 81 de 1933 es extraordinario. | ||
| 515 | _aA partir de 1905 no figura el año de la publicación y se editan 2 t. al año. | ||
| 515 | _aNo se publicó en 1931-32. | ||
| 550 | _aDesde 1905 publicada con la colaboración de: The Hispanic Society of America. | ||
| 555 | _aIndices: v. 1-10 (1894-1903) en v. 10; v. 1-25 (1894-1911) en v. 25; v. 1-50 (1894-1920) en v. 50. | ||
| 650 | 0 | 4 |
_aFilología española. _912796 |
| 650 | 4 |
_aFilología portuguesa. _9148484 |
|
| 650 | 0 | 7 |
_aLiteratura española _2embne _914539 |
| 650 | 4 |
_aLiteratura portuguesa. _9136431 |
|
| 700 | 1 |
_aFoulché-Delbosc, Raymond, _d1864-1929 _951941 |
|
| 710 | 2 |
_aHispanic Society of America. _94583 |
|
| 852 |
_aES-MaACL _jK-1 _zColocada al final de los armarios _cADM _92122 |
||
| 866 | 0 | _o1894-1914(1915 f. v. 34-35)1916-30.1933 | |
| 942 | _2udc | ||
| 999 |
_c2083 _d2083 |
||